01858cam a22004694i 4500003000900000005001700009008004100026020001500067035002700082040003300109049000900142082002100151100002700172245006700199264004200266300003800308336002100346337002500367338002300392490002500415505025500440526001000695526001000705526001000715526001000725526000800735526000800743526000800751526000800759526000800767526000800775526000800783630005300791910001800844942001400862949012800876994001401004596000601018999015301024980005501177952015601232PE-LiUPU20250731173513.0150616s r 000 0 d a0800623967 a(Sirsi) i9780800623968 aPE-LiUPUbspacPE-LiUPUerda aPRUA04a225.601bP282211 aPatte, Daniel,eautor.10aStructural Exegesis for New Testament Critics /cDaniel Patte. 1aMinneapolis :bFortress Press,c1971. a134 páginas ;c21 centímetros atext2rdacontent aunmediated2rdamedia avolume2rdacarrier0 aNew Testament Series0 aInitiation: Structural Exegesis of John 3:1-21.- Beginning a Structural Exegesis.- The Formal Steps of a Structural Exegesis.- The Concluding Steps of a Structural Exegesis.- Exercises in Structural Exegesis.- Second Exercise in Structural Exegesis. aSEG42 aSEG41 aSEG40 aSEG39 aP94 aP87 aP86 aP85 aP77 aP76 aP35 aBiblia.pN.T.xCrítica, interpretación, etc. ajckbjvqcjck 2ddccBOOK a225.601 P28wDEWEYc1i41279lCCODEBUL1mBULr0sYtBOOKu2015-6-16xTEOLOGIAzUNKNOWN0COMPRAo.STAFF. Colección General aC0bPEPRU a1 a225.601 P28wDEWEYc59044i41279f2021-11-9g5lCCODEBUL1mBULr0sYtBOOKu2015-6-16xTEOLOGIAzUNKNOWN0COMPRAo.STAFF. Colección Generald59044 81gALBERTO SANCHEZ Responsable de Automatización r2025-12-02 00:00:00i6l0o225.601 P28p41279te1w2015-06-16xPGyBKzinventario-2023-12-13102ddc50708GENfP87aBULbBULcGENd2015-06-16eCOMPRA